书目信息 |
| 题名: |
生态学研究方法
|
|
| 作者: | Southwood , 索思伍德 著 ;罗河清 译 | |
| 分册: | ||
| 出版信息: | 北京 科学出版社 1984 |
|
| 页数: | 533页 | |
| 开本: | 20cm | |
| 丛书名: | ||
| 单 册: | ||
| 中图分类: | Q968.1 | |
| 科图分类: | ||
| 主题词: | 动物生态学:昆虫学--研究方法 , 昆虫学:动物生态学--研究方法 | |
| 电子资源: | ||
| ISBN: | ||
| 000 | 00776nam0 2200253 45 | |
| 001 | 0184006522 | |
| 005 | 20061122152227.17 | |
| 010 | @dCNY3.20 | |
| 091 | @aCN@b13031.2629 | |
| 100 | @a19960215d1984 em y0chiy0121 ea | |
| 101 | 1 | @achi@ceng |
| 102 | @aCN@b110000 | |
| 105 | @ay z 000yy | |
| 200 | 10 | @a生态学研究方法@Asheng tai xue yan jiu fang fa@e适用于昆虫种群的研究@f(英)索思伍德(T.R.E.Southwood)著@g罗河清等译 |
| 210 | @a北京@c科学出版社@d1984 | |
| 215 | @a533页@d20cm | |
| 606 | @a动物生态学:昆虫学@x研究方法 | |
| 606 | @a昆虫学:动物生态学@x研究方法 | |
| 690 | @aQ968.1@v3 | |
| 701 | A1 | @aSouthwood@bT.R.E.@4著 |
| 701 | 1 | @a索思伍德@Asuo si wu de@bT.R.E.@4著 |
| 702 | 0 | @a罗河清@Aluo he qing@4译 |
| 801 | 0 | @aCN@bTSSF@c20061122 |
| 905 | @a10447@dQ968.1@e1 | |
| 生态学研究方法:适用于昆虫种群的研究/(英)索思伍德(T.R.E.Southwood)著/罗河清等译.-北京:科学出版社,1984 |
| 533页;20cm |
| ISBN :CNY3.20 |
| ● |
| 相关链接 |
|
|
|
|
正题名:生态学研究方法
索取号:Q968.1/1
 
预约/预借
| 序号 | 登录号 | 条形码 | 馆藏地/架位号 | 状态 | 备注 |
| 1 | 0125467 | 202450141 | 第二样本阅览室/ [索取号:Q968.1/1] | 在馆 |